[Event "DEN-ch Kort2 A"]
[Site "Skorping"]
[Date "2017.04.13"]
[Round "2"]
[White "Balslev, Uffe"]
[Black "Schiodt, Niels Christian"]
[Result "1/2-1/2"]
[WhiteElo "1874"]
[BlackElo "1985"]
[PlyCount "81"]
[EventDate "2017.04.13"]
[EventType "swiss"]
[EventRounds "5"]
[EventCountry "DEN"]
[SourceTitle "EXT 2018"]
[Source "ChessBase"]
[SourceDate "2017.10.13"]
[SourceVersion "1"]
[SourceVersionDate "2017.10.13"]
[SourceQuality "1"]

1. d4 Nf6 2. Nc3 d5 3. g3 Bf5 4. Bg2 e6 5. Nf3 Bb4 6. Bd2 Nbd7 7. a3 Be7 8. 0-0 Ne4 9. Ne5 Nxd2 10. Qxd2 0-0 11. g4 Bg6 12. Nxg6 hxg6 13. e4 dxe4 14. Bxe4 c6 15. Rad1 g5 16. Qe3 Bd6 17. Rd3 Bf4 18. Qh3 g6 19. Bg2 Kg7 20. Qf3 Qc7 21. h3 Nf6 22. Ne2 Rad8 23. Nxf4 Qxf4 24. Rfd1 Nd5 25. c4 Qxf3 26. Rxf3 Nf4 27. Bf1 c5 28. d5 exd5 29. cxd5 Rxd5 30. Rxd5 Nxd5 31. Rd3 Nf6 32. b3 Re8 33. a4 b6 34. Rd1 Re7 35. Bc4 Nd7 36. Kg2 Ne5 37. Bb5 f5 38. f3 Kf6 39. Kf2 Ke6 40. Ba6 Rc7 41. Re1 1/2-1/2

[Event "DEN-ch Kort1 A"]
[Site "Skorping"]
[Date "2017.04.10"]
[Round "4"]
[White "Yildiz, Hasan"]
[Black "Balslev, Uffe"]
[Result "1-0"]
[WhiteElo "1923"]
[BlackElo "1878"]
[PlyCount "91"]
[EventDate "2017.04.08"]
[EventType "swiss"]
[EventRounds "5"]
[EventCountry "DEN"]
[SourceTitle "EXT 2023"]
[Source "ChessBase"]
[SourceDate "2022.10.05"]
[SourceVersion "1"]
[SourceVersionDate "2022.10.05"]
[SourceQuality "1"]

1. Nf3 d5 2. g3 Bf5 3. d3 Nf6 4. Bg2 e6 5. Bg5 h6 6. Bxf6 Qxf6 7. c3 Nd7 8. Nbd2 c6 9. h3 g5 10. Qc2 Bc5 11. e4 g4 12. exf5 gxf3 13. Nxf3 Qxf5 14. 0-0-0 0-0-0 15. Rhe1 Bd6 16. Re2 Kb8 17. a4 Rhe8 18. Qd2 Nc5 19. Qc2 f6 20. Nd4 Qg5+ 21. Kb1 e5 22. Nf3 Qg6 23. Nh4 Qh7 24. b4 Ne6 25. Rde1 f5 26. Ka2 e4 27. dxe4 fxe4 28. g4 Nf4 29. f3 Nxe2 30. Rxe2 Qf7 31. fxe4 Bg3 32. Nf5 d4+ 33. Qb3 Qxb3+ 34. Kxb3 d3 35. Rd2 Bf4 36. Rd1 Kc7 37. Rf1 d2 38. Kc2 Re6 39. Nd4 Rf6 40. Kd1 b6 41. Rxf4 Rg6 42. Rf7+ Kd6 43. e5+ Kxe5 44. Nxc6+ Rxc6 45. Bxc6 Rd3 46. Rf3 1-0

[Event "DEN-ch Kort1 A"]
[Site "Skorping"]
[Date "2017.04.09"]
[Round "2"]
[White "Nielsen, Aage Sondergaard"]
[Black "Balslev, Uffe"]
[Result "0-1"]
[WhiteElo "1917"]
[BlackElo "1878"]
[PlyCount "90"]
[EventDate "2017.04.08"]
[EventType "swiss"]
[EventRounds "5"]
[EventCountry "DEN"]
[SourceTitle "EXT 2023"]
[Source "ChessBase"]
[SourceDate "2022.10.05"]
[SourceVersion "1"]
[SourceVersionDate "2022.10.05"]
[SourceQuality "1"]

1. e4 c6 2. d4 d5 3. e5 Bf5 4. Bd3 Bxd3 5. Qxd3 e6 6. Ne2 Qc7 7. 0-0 c5 8. c3 Nc6 9. a3 Rc8 10. Be3 Nge7 11. f4 Nf5 12. dxc5 Nxe3 13. Qxe3 Na5 14. b4 Nc4 15. Qd3 b6 16. cxb6 axb6 17. Nd4 Qa7 18. Kh1 Qa4 19. Qd1 Qa6 20. Rf3 Nb2 21. Qe2 Qxe2 22. Nxe2 Be7 23. Nd2 Kd7 24. Rb1 Nc4 25. Nxc4 Rxc4 26. Nd4 Ra8 27. Ra1 Bxb4 28. cxb4 Rxd4 29. Re1 g6 30. g3 Rc8 31. Re2 Rcc4 32. Kg2 Kc6 33. Kh3 h5 34. Kh4 Re4 35. Rfe3 Rxe3 36. Rxe3 d4 37. Rd3 Kd5 38. Kg5 Ke4 39. Rd1 d3 40. g4 hxg4 41. Kxg4 Ke3 42. Kg5 Ke2 43. Rg1 d2 44. Rg2+ Ke1 45. Kf6 Rxf4+ 0-1

[Event "DEN-ch Kort 1"]
[Site "Svendborg"]
[Date "2016.03.21"]
[Round "4"]
[White "Balslev, Uffe"]
[Black "Nielsen, Jorgen Holmstrom"]
[Result "1-0"]
[WhiteElo "1804"]
[BlackElo "1820"]
[PlyCount "89"]
[EventDate "2016.03.19"]
[EventType "swiss"]
[EventRounds "5"]
[EventCountry "DEN"]
[SourceTitle "EXT 2023"]
[Source "ChessBase"]
[SourceDate "2022.10.05"]
[SourceVersion "1"]
[SourceVersionDate "2022.10.05"]
[SourceQuality "1"]

1. e4 Nf6 2. Bc4 d5 3. exd5 Nxd5 4. d4 Nb6 5. Bd3 Nc6 6. Be3 g6 7. Nf3 Bg4 8. c3 Qd5 9. Nbd2 Bxf3 10. Qxf3 Qxf3 11. Nxf3 Nd5 12. 0-0-0 Nxe3 13. fxe3 0-0-0 14. Ng5 Rd7 15. Nxf7 Rg8 16. Bc4 Rg7 17. Be6 Rxf7 18. Bxf7 Rd6 19. Rhf1 Bh6 20. Rf3 Bg7 21. Rdf1 Nd8 22. Kd2 Bf6 23. Bb3 Nc6 24. Rg3 Nd8 25. Bg8 Be5 26. Rh3 h5 27. Kc2 Bg7 28. e4 e5 29. d5 c5 30. dxc6 Rxc6 31. Rd3 b6 32. Rfd1 Nb7 33. Bf7 Bh6 34. Rd7 Bg5 35. Be8 Rf6 36. Rf7 Rd6 37. Rg7 Rxd1 38. Kxd1 Nd6 39. Bxg6 Bf6 40. Rh7 h4 41. Rxa7 Nc4 42. Rf7 Bg5 43. Kc2 Ne3+ 44. Kb3 Nxg2 45. Bf5+ 1-0

[Event "DEN-ch Kort 1"]
[Site "Svendborg"]
[Date "2016.03.20"]
[Round "3"]
[White "Olsen, Birger1111"]
[Black "Balslev, Uffe"]
[Result "1-0"]
[WhiteElo "1830"]
[BlackElo "1804"]
[PlyCount "55"]
[EventDate "2016.03.19"]
[EventType "swiss"]
[EventRounds "5"]
[EventCountry "DEN"]
[SourceTitle "EXT 2023"]
[Source "ChessBase"]
[SourceDate "2022.10.05"]
[SourceVersion "1"]
[SourceVersionDate "2022.10.05"]
[SourceQuality "1"]

1. d4 d5 2. c4 c6 3. Nf3 e6 4. Bf4 dxc4 5. e3 b5 6. Nbd2 Bb4 7. Be2 c3 8. bxc3 Bxc3 9. Rc1 Bb4 10. 0-0 Ne7 11. Qc2 0-0 12. Ne5 a5 13. a4 Bxd2 14. Qxd2 b4 15. Bf3 Ra6 16. Nxf7 Rxf7 17. Bxb8 Nd5 18. Bxd5 cxd5 19. Rc5 Ra8 20. Be5 Ba6 21. Rfc1 Bc4 22. e4 Qd7 23. Rc7 Qxa4 24. Rxf7 Kxf7 25. Qg5 Rg8 26. exd5 Ke8 27. Qh5+ Kf8 28. Bd6# 1-0

[Event "DEN-ch Kort 2 B"]
[Site "Skorping"]
[Date "2014.04.18"]
[Round "3"]
[White "Balslev, Uffe"]
[Black "Kristensen, Peter Dunn"]
[Result "1-0"]
[WhiteElo "1637"]
[BlackElo "1128"]
[PlyCount "79"]
[EventDate "2014.04.17"]
[EventType "swiss"]
[EventRounds "5"]
[EventCountry "DEN"]
[SourceTitle "EXT 2023"]
[Source "ChessBase"]
[SourceDate "2022.10.05"]
[SourceVersion "1"]
[SourceVersionDate "2022.10.05"]
[SourceQuality "1"]

1. e4 e5 2. Nf3 d6 3. c3 Bg4 4. Be2 Nf6 5. d3 Be7 6. Be3 c5 7. Qb3 b6 8. Nxe5 Be6 9. Qb5+ Nbd7 10. Nxd7 Bxd7 11. Qb3 Be6 12. Qc2 0-0 13. 0-0 Qd7 14. f4 Bg4 15. f5 Bxe2 16. Qxe2 Kh8 17. Nd2 Rg8 18. Rf3 d5 19. Rh3 g6 20. e5 Nh5 21. f6 Bf8 22. Rf1 d4 23. Bg5 dxc3 24. bxc3 Re8 25. Qe4 Re6 26. Rff3 Qe8 27. d4 cxd4 28. cxd4 Qa4 29. g4 Qd1+ 30. Nf1 Qa4 31. gxh5 Bc5 32. Rd3 Bxd4+ 33. Rxd4 Qe8 34. Bh6 Rxe5 35. Bg7+ Rxg7 36. fxg7+ Kxg7 37. h6+ Kf6 38. Rf3+ Kg5 39. Qf4+ Kh5 40. Ng3# 1-0

[Event "DEN-ch Kort 1"]
[Site "Skorping"]
[Date "2014.04.14"]
[Round "5"]
[White "Jacobsen, Hans Endrup"]
[Black "Balslev, Uffe"]
[Result "1-0"]
[WhiteElo "1947"]
[BlackElo "1653"]
[PlyCount "107"]
[EventDate "2014.04.12"]
[EventType "swiss"]
[EventRounds "5"]
[EventCountry "DEN"]
[SourceTitle "EXT 2023"]
[Source "ChessBase"]
[SourceDate "2022.10.05"]
[SourceVersion "1"]
[SourceVersionDate "2022.10.05"]
[SourceQuality "1"]

1. e4 c6 2. d4 d5 3. Nc3 dxe4 4. Nxe4 Nf6 5. Ng3 Qc7 6. Nf3 Bg4 7. Be2 e6 8. c4 Bb4+ 9. Bd2 Bxd2+ 10. Qxd2 0-0 11. 0-0 Rd8 12. Qe3 Nbd7 13. Rfd1 c5 14. Rac1 Rac8 15. dxc5 Qxc5 16. Qc3 a5 17. a3 Qb6 18. b4 axb4 19. Qxb4 Qa7 20. h3 Bxf3 21. Bxf3 Nc5 22. Qc3 h6 23. Qe3 b6 24. Ne2 Rxd1+ 25. Rxd1 Qa4 26. Rb1 Ncd7 27. Rb4 Qa6 28. Nd4 Rxc4 29. Be2 b5 30. Bxc4 bxc4 31. Qc1 c3 32. Qxc3 Nd5 33. Qc4 Nxb4 34. Qxb4 Qc8 35. Qd6 Nf6 36. Nc6 Kh7 37. Qd3+ Kh8 38. Qd8+ Qxd8 39. Nxd8 Kg8 40. a4 Nd5 41. Nc6 Kf8 42. a5 Nc7 43. f4 f6 44. Kf2 Ke8 45. Ke3 Kd7 46. Nb4 Kd6 47. Kd4 h5 48. Nd3 Kc6 49. Kc4 g6 50. h4 Nd5 51. Nb4+ Nxb4 52. Kxb4 e5 53. fxe5 fxe5 54. Kc4 1-0

[Event "Odysseus Spring B"]
[Site "Soborg"]
[Date "2001.05.??"]
[Round "5"]
[White "Reusch, Simon"]
[Black "Balslev, Uffe"]
[Result "0-1"]
[WhiteElo "1761"]
[BlackElo "1760"]
[PlyCount "52"]
[EventDate "2001.05.10"]
[EventType "tourn"]
[EventRounds "5"]
[EventCountry "DEN"]
[SourceTitle "EXT 2023"]
[Source "ChessBase"]
[SourceDate "2022.10.05"]
[SourceVersion "1"]
[SourceVersionDate "2022.10.05"]
[SourceQuality "1"]

1. e4 c6 2. Nf3 d5 3. Nc3 dxe4 4. Nxe4 Nf6 5. Nxf6+ gxf6 6. d4 Bg4 7. Bc4 e6 8. c3 Qc7 9. h3 Bh5 10. g4 Bg6 11. Qe2 Nd7 12. Nh4 0-0-0 13. Bd2 Bd6 14. Ng2 h5 15. 0-0-0 Qa5 16. Nf4 e5 17. Nxh5 Nb6 18. Bb3 Na4 19. Nxf6 Ba3 20. bxa3 Nxc3 21. Bxc3 Qxc3+ 22. Bc2 Qa1+ 23. Kd2 Qb2 24. Rc1 Bxc2 25. Rxc2 Rxd4+ 26. Ke3 Qxa3+ 0-1